| 000 | nam a22 7a 4500 | ||
|---|---|---|---|
| 999 |
_c17386 _d17386 |
||
| 008 | 161125b xxu||||| |||| 00| 0 eng d | ||
| 020 | _a1885611048 | ||
| 050 | _aNC 975.5 .F5A4 1994 | ||
| 100 |
_aMiller Charles F. _d1994 |
||
| 245 |
_aVirgil Finlay's Far Beyond _cFar boyond |
||
| 250 | _a1st ed | ||
| 260 |
_aLancaster _bC.F.M _c1994 |
||
| 300 |
_axi,132p; _bIncludes bibliographical references |
||
| 942 |
_2lcc _cBOOKS _hNC 975.5 .F5A4 1994 _k28155 |
||